000 00694cam a22002414a 4500
001 12812778
003 OSt
005 20240617142604.0
008 020611s2002 caua b 001 0 eng
010 _a 2001096949
020 _a0120855615
040 _aDDC
_cMUST
082 0 0 _a511.8 BEL 2002
_221
100 1 _aBeltrami, Edward J.
_917368
245 1 0 _aMathematical models for Society and biology /
_cEdward Beltrami.
260 _aSan Diego :
_bAcademic Press,
_cc2002.
300 _ax, 199 p. :
_bill. ;
_c24 cm.
504 _aIncludes bibliographical references and indexes
650 0 _aMathematical models.
_92809
650 0 _aBiology
_95602
942 _2ddc
_cO_SHELF
999 _c8558
_d8558